| 000 | 00719nam a2200241 i 4500 | ||
|---|---|---|---|
| 001 | bgj | ||
| 245 | 1 | 0 |
_aDeutschland erzählt. _causgewählt und eingeleitet von Benno von Wiese. _pVon Büchner bis Hauptmann / |
| 260 |
_aFrankfurt am Main : _bFischer Taschenbuch Verlag, _c1965. |
||
| 300 |
_a322, [1] s. ; _c18 cm. |
||
| 490 | 1 |
_aFischer Taschenbücher _v711 |
|
| 504 | _aBibliogr. s. 320-[323]. | ||
| 650 | 9 | _aLiteratura niemiecka | |
| 700 | 1 |
_aWIESE, Benno von. _d(1903- ). |
|
| 830 | _aFischer Taschenbücher | ||
| 020 | _a3596207118 | ||
| 040 | _cBPK | ||
| 041 | 0 | _ager | |
| 044 | _aDEU | ||
| 080 | _a821.112.2 | ||
| 920 | _a3-596-20711-8 | ||
| 942 | _cKS | ||
| 008 | s gw f |000 0 ger | ||
| 999 |
_c49898 _d49898 |
||
| 856 |
_uhttp://koha.tu.koszalin.pl/cgi-bin/koha/opac-detail.pl?biblionumber=49898 _yKatalog online BPK |
||